000 00464nam a2200169Ia 4500
003 GCL
008 140319s9999 xx 000 0 eng d
040 _aGCL /
_cGCL
082 0 4 _a423.1
_bM M
100 1 _aMERRIAM - WEBSTEI
245 1 0 _aMERRIAM - WEBSTER'S COLLEGIATE THESAURUS /
_cMERRIAM - WEBSTEI
260 _a[S.N] :
_bA MERRIAM - WEBSTER ،
_c1993
300 _a868
650 0 4 _aENGLISH LANGUAGE
650 0 4 _aSYNONYINS AND ANTONYMS
942 _2ddc
_cBK
999 _c10728
_d10728